Countries Jack Sparrow visited - Statistics

General Stats
  • This quiz has been taken 79 times
  • The average score is 6 of 8
Answer Stats
Continent Country % Correct
North America United States of America
96%
North America the Bahamas
79%
North America Jamaica
77%
North America Haiti
76%
North America Dominica
70%
Asia Singapore
57%
North America Saint Lucia
54%
North America Saint Vincent and the Grenadines
43%
No matching quizzes found
Score Distribution
Percent of People with Each Score
Percentile by Number Answered
Your Score History
You have not taken this quiz